Notas para el estudio económico de América Latina y el Caribe, 1986 Guatemala /

Saved in:
Bibliographic Details
Corporate Authors: Comisión Económica para América Latina y el Caribe, CEPAL
Format: Text
Published: México, D.F.: CEPAL
Tags: Add Tag
No Tags, Be the first to tag this record!

MARC

LEADER 00000 a a2200000 04500
001 21179
003
040
090 |a 092100  
110 |a Comisión Económica para América Latina y el Caribe  
245 |a Notas para el estudio económico de América Latina y el Caribe, 1986 Guatemala /  |c Comisión Económica para América Latina y el Caribe  
260 |a México, D.F.:   |b CEPAL  
300 |a 48 p.  
710 |a CEPAL  
999 |c 4122  |d 4122